000 00607nam a2200205Ia 4500
005 20240315112441.0
008 131103s9999 xx 000 0 und d
040 _aLoreto College
041 _aEnglish
082 _a373.2
_bDES
100 _aD'Souza,Austin A.
245 4 _aThe Multipurpose School :
_bIts Theory and Practice,
_cAustin A.D'Souza and K.P.Chaudhury
260 _aBombay
_bAllied Publishers
_c1965
300 _avii,297 p.
504 _aIncludes bibliographical references and index
650 _aSecondary Education
700 _aChaudhury,K.P.
850 _aLCLIB
942 _cBK
999 _c10649
_d61128